000 002740000a22001090004500
090 _aAS
_bSeriadas
245 1 0 _aSertula florae Colombiae, IX
041 0 _aEspaƱol
100 1 _aUribe Uribe, Lorenzo
_996776
942 _cARTICULO
773 1 _tCaldasia
_345
_h44
_q295-301
_d1966
_g9
999 _c14964
_d14964